LEADER 01203nam a2200277 i 4500 001 000000145374 003 CaOOAMICUS 005 20051125000000.0 008 051125s2004 it u000 u ita u 013 $a120766 040 $aSeMil$bita 100 1 $aDelpero, Claudio.$0(OLS)http://semarc/name/20023 245 13$aLa teologia nella storia :$bgenesi ed evoluzione del metodo teologico /$cClaudio Delpero. 250 $aRist. 260 $aFirenze :$bLibreria editrice fiorentina,$c2004. 300 $a617 p. ;$c24 cm. 490 0 $aRicerca e teologia ;$v1 650 4$aTeologia - Metodo.$0(OLS)http://semarc/subject/941 650 4$aTeologia - Storia.$0(OLS)http://semarc/subject/364 650 4$aTeologia - Storia - Studi.$0(OLS)http://semarc/subject/6170 830 0$aRicerca e teologia ;$v1.$0(OLS)http://semarc/title/19633 850 $aSeMil 852 $aSeMil$W1$xVenegono$y1$m2B VI 328$j98167$B98167$CSeMilBibl$Z2$F106444 $81 961 $aOmaggio: Delpini mons. Mario 996 $6245$aLa teologia nella storia :$bgenesi ed evoluzione del metodo teologico$9(OLS)http://semarc/title/212622 996 $6260$aFirenze :$bLibreria editrice fiorentina$9(OLS)http://semarc/publisher/29690 LEADER 01110nam a2200265 i 4500 001 000000115904 003 CaOOAMICUS 005 20220706144828.0 008 030603s2002 it u000 u ita u 013 $a88593 020 $a88-86509-43-X 040 $aSeMil$bita 100 1 $aBorghi, Angelo,$d<1942- >.$0(OLS)http://semarc/name/116143 245 10$aLecco :$bterzo millennio, third millennium Lecco /$ctesti : Angelo Borghi ; fotografie : Mauro Lanfranchi. 260 $aOggiono (LC) :$bCattaneo,$c2002. 300 $a229 p. :$bill. ;$c31 cm. 500 $aContiene : schede di approfondimento. 650 4$aLecco.$0(OLS)http://semarc/subject/7870 700 1 $aLanfranchi, Mauro,$d<1952- >.$0(OLS)http://semarc/name/28564 850 $aSeMil 852 $aSeMil$W1$xVenegono$y1$m1018 1 *$j71397$B71397$CSeMilBibl$Z2$F75706 $81 996 $6020$a88-86509-43-X$9(OLS)http://semarc/number/99841 996 $6245$aLecco :$bterzo millennio, third millennium Lecco$9(OLS)http://semarc/title/169846 996 $6260$aOggiono (LC) :$bCattaneo$9(OLS)http://semarc/publisher/33326